Comtés du Duché de Bretagne en 1200 sur une Carte - Statistiques

Statistiques générales
  • Ce quiz a été pris 43 fois
  • Le résultat moyen est 8 sur 28
Réponses sur la Carte
Les réponses sont colorées sur une échelle allant du rouge au vert en fonction du pourcentage des utilisateurs qui les ont devinées à leur premier essai. Vous pouvez retrouver ces pourcentages ci-dessous.
 
Statistiques - réponses
C Réponse % Correct
Comtés Rennes
85%
Comtés Nantes
82%
Seigneuries Léon
74%
Vicomtés Léon
74%
Comtés Vannes
71%
Évêché Cornouaille
59%
Seigneuries Fougères
50%
Comtés Anjou
41%
Comtés Maine
41%
Seigneuries Dinan
35%
Seigneuries Vitré
35%
Seigneuries Laval
32%
Seigneuries Mayenne
29%
Vicomtés Rohan
21%
Seigneuries Ancenis
15%
Seigneuries Châteaubriand
15%
Comtés Penthièvre
15%
Comtés Porhoët
12%
Vicomtés Faou
9%
Seigneuries La Guerche
6%
Seigneuries Gourin
3%
Seigneuries Malestroit
3%
Seigneuries Talmont
3%
Vicomtés Thouars
3%
Seigneuries Craon
0%
Seigneuries Kemenet-Héboé
0%
Seigneuries Montaigu
0%
Seigneuries Montfort-Gaël
0%
Aucun quiz correspondant
Distribution des résultats
% des personnes avec chaque résultat
Percentile par nombre de réponses
Votre historique - résultats
Vous n’avez pas pris ce quiz